[Event "Belgian Interteams 2000-1"]
[Site "BEL"]
[Date "2000.11.17"]
[Round "3"]
[White "Tonoli,W"]
[Black "Vrenegoor,T"]
[Result "0-1"]
[WhiteElo "2208"]
[BlackElo "2341"]

1.c4 e5 2.g3 Nf6 3.Bg2 d5 4.cxd5 Nxd5 5.Nf3 Nc6 6.O-O Nb6 7.a3 Be7 8.b4 e4
9.Ne1 Bf6 10.Ra2 Be6 11.Rc2 Bb3 12.Bxe4 O-O 13.e3 Re8 14.Qf3 Ne5 15.Qe2 Bxc2
16.Nxc2 c6 17.d4 Nec4 18.Bd3 Nd6 19.Nd2 a5 20.bxa5 Rxa5 21.Nb3 Ra8 22.e4 g6
23.f3 Na4 24.Be3 Bg7 25.Qd2 Nb2 26.Be2 Nbc4 27.Qb4 Nxe3 28.Nxe3 Nxe4 29.fxe4 Rxe4
30.Bc4 Rxe3 31.Rxf7 Kh8 32.Qxb7 Rb8 33.Qa7 Rexb3 34.Rxg7 Rb1+ 35.Bf1 Rxf1+
36.Kxf1 Qf6+ 37.Ke2 Rb2+ 38.Kd3 Qxg7 39.Qa8+ Qg8 40.Qxc6 Qb3+ 41.Qc3 Kg7  0-1

[Event "It Jose Rubinstein"]
[Site "Vicente Lopez ARG"]
[Date "2000.11.19"]
[Round "4"]
[White "Tempone,M"]
[Black "Scarella,E"]
[Result "1/2-1/2"]
[WhiteElo "2439"]
[BlackElo "2352"]

1.c4 e5 2.g3 Nf6 3.Bg2 d5 4.cxd5 Nxd5 5.Nc3 Nb6 6.d3 Be7 7.Be3 O-O 8.Rc1 Re8
9.Nf3 Nc6 10.O-O Bg4 11.Ne4 Bf8 12.h3 Bh5 13.Nc5 Bxc5 14.Bxc5 Qd7 15.g4 Bg6
16.Nh4 Nd5 17.Nxg6 hxg6 18.e3 Rad8 19.Qb3 Na5 20.Qc2 b6 21.Ba3 c5 22.Rfd1 Qe6
23.Qe2  1/2-1/2

[Event "Norkom European Masters"]
[Site "Kilkenny IRL"]
[Date "2000.11.25"]
[Round "2"]
[White "Dooley,M"]
[Black "Short,P"]
[Result "0-1"]
[WhiteElo "2146"]
[BlackElo "2302"]

1.c4 e5 2.g3 Nf6 3.Bg2 Nc6 4.Nc3 Bb4 5.Nd5 O-O 6.a3 Be7 7.b4 d6 8.d3 a5 9.b5 Nb8
10.Rb1 Nbd7 11.e4 c6 12.bxc6 bxc6 13.Nc3 Nc5 14.Nge2 d5 15.exd5 Bf5 16.Ne4 cxd5
17.Nxc5 Bxc5 18.Rb5 Qd6 19.O-O Bd7 20.Rb1 Rab8 21.Bg5 dxc4 22.dxc4 Qxd1 23.Rbxd1 Bg4
24.Rd2 Bxa3 25.Nc3 Bb4 26.Rc2 Bf5 27.Rcc1 Bd3 28.Rfe1 Bxc4 29.Rxe5 Nd7 30.Re4 Be6
31.Rd4 Nc5 32.Bd5 Bxd5 33.Rxd5 Nb3 34.Rc2 Rfc8 35.Bf4 Ra8 36.Rd3 Rc6 37.Rb2 Rxc3
38.Rxc3 Bxc3 39.Rxb3 Bb4 40.Kg2 f6 41.h4 Kf7 42.Kf3 Rc8 43.Ke4 Rc2 44.Be3 Ke6
45.Kd4 Rc7 46.Bf4 Rd7+ 47.Kc4 Kf5 48.f3 g5  0-1

[Event "Norkom European Masters"]
[Site "Kilkenny IRL"]
[Date "2000.11.25"]
[Round "2"]
[White "O'Cinneide,M"]
[Black "Shaw,J"]
[Result "0-1"]
[WhiteElo "2244"]
[BlackElo "2435"]

1.c4 e5 2.g3 Nc6 3.Bg2 f5 4.Nc3 Nf6 5.e3 d5 6.cxd5 Nb4 7.d3 Nfxd5 8.Nxd5 Nxd5
9.Ne2 Be6 10.O-O Qd7 11.d4 e4 12.f3 exf3 13.Bxf3 O-O-O 14.Bd2 Be7 15.Nc3 Rhe8
16.Rc1 g6 17.a3 Bg5 18.Re1 Bf7 19.Nxd5 Bxd5 20.Bxd5 Qxd5 21.Rc5 Qe4 22.Qc1 Rd7
23.Qc2 Qxc2 24.Rxc2 h5 25.Kg2 h4 26.Kf3 hxg3 27.hxg3 Rh7 28.Bc1 Re4 29.Rce2 Kd7
30.Kg2 Rg4 31.Rc2 Bh4 32.e4 Bxg3  0-1

[Event "Norkom European Masters"]
[Site "Kilkenny IRL"]
[Date "2000.11.25"]
[Round "4"]
[White "Dooley,M"]
[Black "Cafolla,P"]
[Result "1/2-1/2"]
[WhiteElo "2146"]
[BlackElo "2106"]

1.c4 e5 2.g3 d6 3.Bg2 c6 4.d4 Nd7 5.e4 Ngf6 6.Nc3 Be7 7.Nge2 O-O 8.O-O Re8
9.b3 Qc7 10.h3 Bf8 11.f4 exd4 12.Nxd4 Nc5 13.Re1 a5 14.g4 Ne6 15.Nf5 g6 16.Ng3 Bg7
17.Qd2 Nd7 18.Bb2 Nb6 19.Rad1 a4 20.Rf1 axb3 21.axb3 Nd4 22.Nb5 cxb5 23.Bxd4 bxc4
24.Bxg7 Kxg7 25.Qd4+ Kg8 26.Qxd6 Qxd6 27.Rxd6 Ra6 28.Rc1  1/2-1/2

[Event "Norkom European Masters"]
[Site "Kilkenny IRL"]
[Date "2000.11.26"]
[Round "6"]
[White "O'Cinneide,M"]
[Black "McMahon,D"]
[Result "1/2-1/2"]
[WhiteElo "2244"]
[BlackElo "2246"]

1.c4 e5 2.g3 Nc6 3.Bg2 g6 4.Nc3 Bg7 5.e4 Nge7 6.Nge2 d6 7.d3 O-O 8.O-O Bd7
9.h3 Rb8 10.Nd5 a6 11.Bg5 f6 12.Be3 Kh8 13.Qd2 b5 14.b3 Ng8 15.Rac1 Qc8 16.Kh2 Qb7
17.Rfd1 Rbc8 18.d4 Rfd8 19.f4 Nce7 20.fxe5 fxe5 21.Nxe7 Nxe7 22.d5 c5 23.Bg5 Re8
24.Rf1 Ng8 25.h4 Bg4 26.Ng1 Rf8 27.Be3 Qd7 28.Nh3 Rb8 29.Rxf8 Rxf8 30.Ng5 Nf6
31.Qd3 h6 32.Nh3 Kh7 33.Nf2 h5 34.Rf1 Bh6 35.Bxh6 Kxh6 36.Nh3 Kg7 37.Ng5 b4
38.Bf3  1/2-1/2

[Event "National Chess Congress"]
[Site "Philadelphia USA"]
[Date "2000.11.27"]
[Round "3"]
[White "Simpson,R"]
[Black "Kaufman,La"]
[Result "0-1"]
[WhiteElo "2314"]
[BlackElo "2397"]

1.c4 e5 2.g3 c6 3.d4 exd4 4.Qxd4 d5 5.Bg2 Nf6 6.Nc3 dxc4 7.Qxc4 Be6 8.Qa4 Be7
9.Nf3 O-O 10.O-O Qc8 11.Rd1 Na6 12.Be3 Nb4 13.Rd2 Nfd5 14.Nxd5 Nxd5 15.Bg5 f6
16.Bf4 g5 17.Be3 Nxe3 18.fxe3 Qc7 19.Rc1 Bf7 20.Bh3 Qb6 21.Qe4 Bc5 22.Nd4 Rae8
23.Qf5 Bb4 24.Qxf6 Bxd2 25.Nf5 Qxe3+  0-1

[Event "Open"]
[Site "Mallorca ESP"]
[Date "2000.12.06"]
[Round "5"]
[White "Adla,D"]
[Black "De la Villa Garcia,J"]
[Result "1-0"]
[WhiteElo "2498"]
[BlackElo "2458"]

1.c4 e5 2.g3 Nf6 3.Bg2 c6 4.d4 exd4 5.Qxd4 Na6 6.Nc3 Bc5 7.Qd2 O-O 8.Nf3 d5
9.cxd5 cxd5 10.O-O Ne4 11.Qd1 Nxc3 12.bxc3 Bf5 13.Qb3 b6 14.c4 dxc4 15.Qxc4 Nb4
16.Bb2 Rc8 17.Qf4 Bg6 18.Ne5 Qe7 19.Rad1 Rc7 20.Rd2 Nxa2 21.Nxg6 hxg6 22.Be5 g5
23.Qf5 g6 24.Qf6 Qxf6 25.Bxf6 Nb4 26.Bxg5 f6 27.Bf4 Re7 28.h4 a5 29.e3 Kg7
30.Rfd1 a4 31.Bd6 Bxd6 32.Rxd6 b5 33.Rb1 Nc2 34.Rxb5 a3 35.Ra6 Rd8 36.Bd5 Rc7
37.e4 Rdd7 38.Rbb6 Rf7 39.Bxf7 Rxf7 40.Kf1 Rd7 41.Rxf6  1-0

[Event "Salona"]
[Site "Solin/Split CRO"]
[Date "2000.12.09"]
[Round "1"]
[White "Kurajica,B"]
[Black "Fressinet,L"]
[Result "1/2-1/2"]
[WhiteElo "2534"]
[BlackElo "2536"]

1.c4 e5 2.g3 c6 3.d4 Bb4+ 4.Bd2 Bxd2+ 5.Qxd2 d6 6.Nc3 Nf6 7.Bg2 O-O 8.e3 Be6
9.b3 exd4 10.Qxd4 d5 11.cxd5 Nxd5 12.Nxd5 Bxd5 13.Bxd5 cxd5 14.Ne2 Nc6 15.Qb2 Qe7
16.O-O Qe4 17.Rad1 Ne5 18.Nd4 Rac8 19.Qe2 Rc3 20.Rd2 a6 21.Re1 Rfc8 22.f3 Qg6
23.Rf1 Nd7 24.Qf2 Re8 25.Ne2 Rcxe3  1/2-1/2

[Event "Salona"]
[Site "Solin/Split CRO"]
[Date "2000.12.13"]
[Round "5"]
[White "Dizdarevic,E"]
[Black "Zelcic,R"]
[Result "0-1"]
[WhiteElo "2527"]
[BlackElo "2457"]

1.c4 e5 2.g3 Nf6 3.Bg2 d5 4.cxd5 Nxd5 5.Nf3 Nc6 6.O-O Nb6 7.b3 Bd6 8.Bb2 Qe7
9.d3 O-O 10.Nbd2 Bg4 11.a3 f5 12.Qc2 a5 13.Rfe1 Kh8 14.e3 Rae8 15.h3 Bh5
16.Nc4 Nxc4 17.Qxc4 e4 18.Nd2 Ne5 19.Bxe5 Bxe5 20.d4 Bd6 21.Qc1 b5 22.a4 bxa4
23.Rxa4 Bb4 24.Qc2 c5 25.dxc5 Rd8 26.Rxb4 axb4 27.Nf1 Qe6 28.g4 fxg4 29.Qxe4 Qxb3
30.hxg4 Qc3 31.Rb1 Bf7 32.Qxb4 Qf6 33.Rc1 Bd5 34.e4 Qxf2+ 35.Kh1 Qh4+ 36.Kg1 Bc6
37.Nh2 Qf2+ 38.Kh1 Rd2 39.Rg1 Rfd8 40.Qc3 Bxe4  0-1

[Event "2nd Viking IM"]
[Site "York ENG"]
[Date "2000.12.14"]
[Round "2"]
[White "Taylor,P"]
[Black "Ryan,J"]
[Result "0-1"]
[WhiteElo "2191"]
[BlackElo "2291"]

1.c4 e5 2.g3 c6 3.d4 Bb4+ 4.Bd2 Bxd2+ 5.Qxd2 d6 6.Nc3 Nf6 7.Bg2 Qe7 8.e3 O-O
9.Nge2 Re8 10.h3 Nbd7 11.Qc2 Nf8 12.O-O e4 13.b4 h5 14.b5 Bf5 15.Qa4 Qd7
16.bxc6 bxc6 17.Kh2 Ng6 18.Rab1 Rab8 19.Rb3 Ne7 20.Rfb1 Qc7 21.Qa3 Ng6 22.Qb2 Rxb3
23.Qxb3 Bc8 24.Re1 h4 25.Nf4 Nxf4 26.gxf4 Qd7 27.Rg1 d5 28.cxd5 cxd5 29.Bf1 Rd8
30.Rg5 Qc6 31.Bb5 Qd6 32.Bf1 a6 33.Na4 g6 34.Qb6 Qxb6 35.Nxb6 Bb7 36.Na4 Bc8
37.Nc5 Rd6 38.Rg1 Rb6 39.Nb3 Kf8 40.Be2 Rc6 41.Rc1 Rxc1 42.Nxc1 Ke7 43.Nb3 Nd7
44.Kg2 Kd6 45.f3 exf3+ 46.Kxf3 Nb6 47.Bf1 Nc4 48.Ke2 Bf5 49.Nc5 a5 50.Na4 f6
51.Bg2 g5 52.fxg5 fxg5 53.Nc3 Nb6 54.Kf3 Ke6 55.Bf1 Nd7 56.Bg2 Nf6 57.Bf1 g4+
58.hxg4 Bxg4+ 59.Kf4 Bf5 60.Kg5 h3 61.Kh4 h2 62.Bg2 Ne4 63.Ne2 Nf2 64.Ng3 Bb1
65.a3 a4 66.Bh3+ Kd6 67.Bg2 Kc6 68.Bf3 Bd3 69.Bg2 Kb5 70.Bxd5 Be4 71.Bxe4 Nxe4
72.Nh1 Kc4 73.Kg4 Kb3 74.Kf4 Nc3 75.e4 Kxa3 76.d5 Nb5 77.e5 Kb4 78.d6 a3
79.d7 Nd4 80.Ke4 Nc6 81.e6 a2 82.e7 a1=Q 83.d8=Q Qxh1+ 84.Kf4 Qf1+ 85.Ke3 h1=Q
86.e8=Q Qhf3+ 87.Kd2 Q1d1+  0-1

[Event "Belgian Interteams 2000-1"]
[Site "BEL"]
[Date "2000.12.17"]
[Round "5"]
[White "Mohandesi,S"]
[Black "Peek,Mar"]
[Result "0-1"]
[WhiteElo "2299"]
[BlackElo "2299"]

1.c4 e5 2.g3 Nc6 3.Bg2 g6 4.Nc3 d6 5.e3 Bg7 6.Nge2 Be6 7.d4 Bxc4 8.d5 Bxe2
9.Qxe2 Nb8 10.Qb5+ Nd7 11.Qxb7 a6 12.O-O Ne7 13.Qb3 O-O 14.Bd2 f5 15.Rac1 Nc5
16.Qc2 e4 17.f3 Nd3 18.Rcd1 exf3 19.Bxf3 Ne5 20.Bg2 Qd7 21.Ne2 Rac8 22.Nf4 Rfe8
23.Bc3 c6 24.dxc6 N7xc6 25.h3 Nf7 26.Bxg7 Kxg7 27.Qc3+ Nce5 28.Qd2 Qa7 29.b3 Rcd8
30.Kh2 Ng5 31.Qd4 Qxd4 32.exd4 Nef7 33.Rfe1 Ne4 34.Rc1 Rc8 35.Bf1 Nfg5 36.Kg2 a5
37.Bc4 Nd2 38.Rxe8 Rxe8 39.Bd5 Nge4 40.Rc7+ Kh6 41.h4 Nf6 42.Be6 Nh5 43.d5 Nxf4+
44.gxf4 Rb8 45.Ra7 Rb5 46.Bg8 Kh5 47.Rxh7+ Kg4 48.Rg7 Kxf4 49.Rxg6 Ne4 50.h5 Rc5
51.h6 Rc2+ 52.Kg1 Ng3 53.Be6 Kf3 54.Rxg3+ Kxg3 55.Kf1 Rh2 56.h7 Rxh7 57.Ke2 f4
58.Bf5 Rh2+ 59.Kd3 f3 60.Kc4 Rd2  0-1

[Event "Czech Extra League 2000-1"]
[Site "CZE"]
[Date "2000.12.17"]
[Round "3"]
[White "Langner,L"]
[Black "Jedlicka,A"]
[Result "1/2-1/2"]
[WhiteElo "2375"]
[BlackElo "2238"]

1.g3 e5 2.c4 Nf6 3.Bg2 c6 4.d4 Bb4+ 5.Bd2 Bxd2+ 6.Qxd2 d6 7.Nc3 O-O 8.e3 Be6
9.b3 exd4 10.Qxd4 Qa5 11.Ne2 d5 12.Nf4 Rd8 13.Nxe6 fxe6 14.O-O Nbd7 15.Rfd1 e5
16.Qd2 dxc4 17.bxc4 Nc5 18.Qc2  1/2-1/2

[Event "Koltanowski Mem"]
[Site "San Francisco USA"]
[Date "2000.12.17"]
[Round "4"]
[White "Casadei,M"]
[Black "Wong,R"]
[Result "1-0"]
[WhiteElo "2137"]
[BlackElo "2101"]

1.c4 e5 2.g3 Nc6 3.Bg2 g6 4.Nc3 Bg7 5.e4 d6 6.Nge2 h5 7.h4 Nh6 8.d3 Bg4 9.f3 Be6
10.Be3 Nd4 11.Qd2 c6 12.Bf2 Nxe2 13.Nxe2 O-O 14.Be3 Kh7 15.g4 hxg4 16.f4 f6
17.h5 g5 18.fxg5 fxg5 19.Bxg5 Qb6 20.Ng3 Rf4 21.Bxf4 exf4 22.Qxf4 Bxb2 23.Rb1 Bc3+
24.Ke2 Qc7 25.e5 d5 26.cxd5 cxd5 27.Rhc1 Rc8 28.Rb3 d4 29.Be4+ Kg8  1-0

[Event "TCh-SVK"]
[Site "SVK"]
[Date "2000.12.17"]
[Round "6"]
[White "Pcola,Pa"]
[Black "Pal,P"]
[Result "1-0"]
[WhiteElo "2368"]
[BlackElo "2254"]

1.c4 e5 2.g3 Nc6 3.Bg2 g6 4.b3 Bg7 5.Bb2 d6 6.Nc3 f5 7.e3 Nf6 8.Nge2 O-O
9.d4 Ne7 10.dxe5 dxe5 11.Ba3 Kf7 12.Nb5 Bd7 13.Bxb7 Rb8 14.Bg2 Bxb5 15.cxb5 Rxb5
16.O-O e4 17.Qc2 Qd3 18.Rac1 Qxc2 19.Rxc2 Nfd5 20.Rd1 Be5 21.Nd4 Ra5 22.Bc5 c6
23.Nxc6 Nxc6 24.Rxd5 Rd8 25.Rxd8 Nxd8 26.Bf1 Nb7 27.Bb4  1-0

[Event "XIII Carlos Torre Open"]
[Site "Merida MEX"]
[Date "2000.12.18"]
[Round "5"]
[White "Filippov,V"]
[Black "Volzhin,A"]
[Result "1-0"]
[WhiteElo "2593"]
[BlackElo "2556"]

1.c4 e5 2.g3 Nc6 3.Bg2 f5 4.Nc3 Nf6 5.e3 d5 6.Nxd5 Nxd5 7.cxd5 Nb4 8.e4 Qf6
9.d3 Bc5 10.Nf3 fxe4 11.dxe4 Bg4 12.a3 O-O 13.axb4 Bxb4+ 14.Kf1 Bxf3 15.Bxf3 Qxf3
16.Qxf3 Rxf3 17.Be3 a6 18.Ke2 Raf8 19.Rhc1 R3f7 20.f4 exf4 21.gxf4 Re8 22.Rc4 a5
23.Rac1 b5 24.Rd4 Rd7 25.Kf3 Red8 26.Rc6 Bf8 27.Rd2 a4 28.Rdc2 b4 29.Rxc7 Rxc7
30.Rxc7 a3 31.bxa3 bxa3 32.Ra7 Rb8 33.e5  1-0

[Event "2nd Viking IM"]
[Site "York ENG"]
[Date "2000.12.19"]
[Round "7"]
[White "Taylor,P"]
[Black "Bosch,Je"]
[Result "0-1"]
[WhiteElo "2191"]
[BlackElo "2405"]

1.c4 e5 2.g3 Nf6 3.Bg2 Nc6 4.Nc3 Bb4 5.Nd5 a5 6.e3 O-O 7.a3 Bc5 8.Ne2 Re8
9.O-O d6 10.d3 Nxd5 11.cxd5 Ne7 12.b3 Bb6 13.Bb2 Bg4 14.h3 Bh5 15.g4 Bg6
16.d4 f6 17.dxe5 dxe5 18.Qd2 Qd7 19.Rad1 Rad8 20.a4 h5 21.g5 fxg5 22.e4 g4
23.h4 Qd6 24.Qc3 Qf6 25.Qg3 Nc8 26.Kh2 Nd6 27.f3 Qe7 28.fxg4 Bxe4 29.gxh5 Rf8
30.Qg5 Qxg5 31.hxg5 Bc2 32.Rxf8+ Rxf8 33.Rf1 Rxf1 34.Bxf1 Bxb3 35.Bxe5 Bxa4
36.Bh3 Bc2 37.Be6+ Kf8 38.g6 Be3 39.Nf4 Ne8 40.Bd7 Nf6 41.Ne6+ Ke7 42.Bc8 Ng4+
43.Kg3 Nxe5 44.Nxg7 Bh6 45.Ne6 Bf5 46.g7 Bxe6  0-1

[Event "Tournament for the 21st Century"]
[Site "Subotica YUG"]
[Date "2000.12.26"]
[Round "8"]
[White "Grigoriants,S RUS"]
[Black "Solak,D"]
[Result "1/2-1/2"]
[WhiteElo "2503"]
[BlackElo "2490"]

1.c4 e5 2.g3 c6 3.d4 Bb4+ 4.Bd2 Bxd2+ 5.Qxd2 d6 6.Bg2 Nf6 7.e3 Be6 8.d5 cxd5
9.cxd5 Bd7 10.Ne2 a5 11.O-O O-O 12.Na3 b5 13.Nc2 b4 14.a3 b3 15.Ne1 Bb5 16.e4 Qc8
17.f3 Nfd7 18.Rf2 Nc5 19.Nc3 Bc4 20.Rc1  1/2-1/2

[Event "Open"]
[Site "Ano Liosia GRE"]
[Date "2001.01.05"]
[Round "8"]
[White "Logothetis,S"]
[Black "Zahariev,Z"]
[Result "0-1"]
[WhiteElo "2230"]
[BlackElo "2425"]

1.c4 e5 2.g3 Nf6 3.Bg2 Bc5 4.Nc3 O-O 5.e3 d6 6.Nge2 a6 7.O-O Ba7 8.d4 Nbd7
9.b3 Re8 10.Bb2 c6 11.Qc2 Qc7 12.Rad1 Nf8 13.h3 Bd7 14.Qc1 Rad8 15.Kh2 h5
16.f4 exd4 17.Nxd4 h4 18.Nce2 Ng6 19.Rg1 Bc8 20.gxh4 Qe7 21.Ng3 Qxe3 22.Qxe3 Rxe3
23.Ndf5 Bxf5 24.Nxf5 Re2 25.Bd4 Bxd4 26.Rxd4 Rxa2 27.Kh1 Rb2 28.Nxd6 Nxh4
29.Nf5 Rxd4 30.Nxd4 c5 31.Nf3 Nxg2 32.Rxg2 Rxb3 33.Ne5 Rxh3+ 34.Kg1 Ne4 35.Rb2 f6
36.Nd7 Nd6 37.Nxc5 Rc3 38.Nxb7 Nxb7 39.Rxb7 Rxc4 40.Ra7 Rxf4 41.Rxa6 Rf3
42.Kg2 Rb3  0-1

[Event "Troll Masters"]
[Site "Gausdal NOR"]
[Date "2001.01.06"]
[Round "2"]
[White "Leer Salvesen,B"]
[Black "Westerinen,H"]
[Result "1/2-1/2"]
[WhiteElo "2283"]
[BlackElo "2405"]

1.c4 e5 2.g3 Nc6 3.Bg2 g6 4.Nc3 Bg7 5.Nf3 d6 6.O-O Be6 7.d3 h6 8.Rb1 Nf6
9.b4 O-O 10.Qc2 d5 11.b5 Nd4 12.Nxd4 exd4 13.Nxd5 Nxd5 14.cxd5 Bxd5 15.Bxd5 Qxd5
16.Qxc7 Qxa2 17.Rb2 Qd5 18.Bf4 g5 19.Qd6 Qf5 20.Bd2 Rfe8 21.Re1 Re5 22.b6 axb6
23.Qxb6 Rae8 24.Bc1 R5e7 25.Kg2 Qd5+ 26.Kg1 Re6 27.Qxb7 Qxb7 28.Rxb7 Rxe2
29.Rxe2 Rxe2 30.Kf1 Rc2 31.Bb2 f5 32.Rb4 f4 33.gxf4 gxf4 34.Kg2 Rd2 35.Bxd4 Rxd3
36.Bxg7 f3+ 37.Kg3 Kxg7 38.Rf4 Kg6 39.Rxf3 Rd1 40.Ra3 Rg1+ 41.Kh4 Rf1 42.Rf3 Ra1
43.Rg3+ Kh7 44.Kh3 Ra4 45.Kg2 Rf4 46.h3 Ra4 47.Rg4 Ra3 48.f3 Rb3 49.f4 Rb2+
50.Kg3 Rb3+ 51.Kh4 Rf3 52.f5  1/2-1/2

[Event "Troll Masters"]
[Site "Gausdal NOR"]
[Date "2001.01.08"]
[Round "4"]
[White "Rasmussen,C"]
[Black "Stenersen,G"]
[Result "1/2-1/2"]
[WhiteElo "2303"]
[BlackElo "2163"]

1.c4 e5 2.g3 d6 3.Bg2 f5 4.d4 Nf6 5.dxe5 dxe5 6.Qxd8+ Kxd8 7.Nc3 Nc6 8.Bxc6 bxc6
9.Nf3 Nd7 10.O-O Bb4 11.Na4 Bd6 12.b3 c5 13.Ba3 Bb7 14.Rad1 Ke7 15.Ne1 Bc6
16.Nc3 a5 17.Nc2 Rhb8 18.Rb1 Nb6 19.Ne3 Ke6 20.Rfd1 g5 21.Ncd5 f4 22.Nxb6 cxb6
23.Nd5 b5 24.e3 fxe3 25.Nxe3 b4 26.Bb2 Bf3 27.Rd2 a4 28.Ng2 a3 29.Ba1 Rd8
30.Ne1 Bc6 31.Nd3 e4 32.Re2 Kf5 33.Ne1 Bf8 34.Nc2 h5 35.Rbe1 Rd3 36.Ne3+ Kg6
37.Nd5 Bxd5 38.cxd5 Re8 39.Kg2 Rxd5 40.Kf1 Bg7 41.Bxg7 Kxg7 42.Rc2 Kf6 43.Rec1 Ree5
44.Ke2 Ke6 45.Rc4 Kd6 46.h4 gxh4 47.gxh4 Rd3 48.f4 Red5 49.R1c2 Rh3 50.f5 Rxh4
51.f6 Rf4 52.Ke3 Rxf6 53.Kxe4 Re5+ 54.Kd3 Rf3+ 55.Kd2 Rf2+ 56.Kd3 Rxc2 57.Rxc2 h4
58.Kc4 Rh5 59.Kb5 h3 60.Rd2+ Kc7 61.Rh2 Kb7 62.Kc4 Kc6 63.Rxh3 Rd5 64.Rh6+ Rd6
65.Rxd6+ Kxd6 66.Kd3 Kd5 67.Kc2 Kd4 68.Kb1  1/2-1/2

[Event "Troll Masters"]
[Site "Gausdal NOR"]
[Date "2001.01.08"]
[Round "5"]
[White "Leer Salvesen,B"]
[Black "Brynell,S"]
[Result "1/2-1/2"]
[WhiteElo "2283"]
[BlackElo "2462"]

1.c4 e5 2.g3 Nf6 3.Bg2 c6 4.Nf3 e4 5.Nd4 d5 6.cxd5 Qxd5 7.Nc2 Qh5 8.Nc3 Bh3
9.O-O Bc5 10.d4 exd3 11.exd3 Qxd1 12.Rxd1 Bxg2 13.Kxg2 O-O 14.d4 Bb6 15.d5 Re8  1/2-1/2

[Event "XXVI Open"]
[Site "Seville ESP"]
[Date "2001.01.17"]
[Round "6"]
[White "Matamoros Franco,C"]
[Black "Salgado Gonzalez,J"]
[Result "1-0"]
[WhiteElo "2467"]
[BlackElo "2079"]

1.c4 e5 2.g3 Nf6 3.Bg2 d5 4.cxd5 Nxd5 5.Nf3 Nc6 6.O-O Be7 7.d4 exd4 8.Nxd4 Nxd4
9.Qxd4 Nf6 10.Qxd8+ Bxd8 11.Nc3 c6 12.b4 a6 13.Bf4 Be6 14.Rfc1 Be7 15.a3 O-O
16.Na4 Nd5 17.Bxd5 Bxd5 18.Nb6 Bf6 19.Nxd5 cxd5 20.Ra2 Rac8 21.Rac2 Rxc2
22.Rxc2 g5 23.Be3 d4 24.Bc1 Rd8 25.Rc7 Rd6 26.Kf1 Rc6 27.Rxc6 bxc6 28.Ke1 Be7
29.Kd2 c5 30.bxc5 Bxc5 31.Kd3 f6 32.Bb2 Kf7 33.a4 Ke6 34.Bxd4 Bd6 35.h3 h5
36.g4 hxg4 37.hxg4 f5 38.gxf5+ Kxf5 39.e4+ Ke6 40.f3  1-0

[Event "17th Open"]
[Site "Geneva SUI"]
[Date "2001.01.21"]
[Round "2"]
[White "Heedt,T"]
[Black "Miton,K"]
[Result "0-1"]
[WhiteElo "2266"]
[BlackElo "2497"]

1.c4 e5 2.g3 d5 3.Bg2 dxc4 4.Qa4+ c6 5.Qxc4 Be6 6.Qc2 Nd7 7.Nf3 Ngf6 8.O-O h6
9.d4 Bd6 10.Nc3 O-O 11.Rd1 Qe7 12.b3 Bg4 13.Be3 e4 14.Nd2 Nd5 15.Ndxe4 Nxe3
16.fxe3 Bb4 17.Qd2 Rae8 18.Nf2 Bxe2 19.Qxe2 Bxc3 20.Rac1 Ba5 21.e4 Bb6 22.Kh1 c5
23.d5 Qd6 24.Qd2 Bd8 25.Qd3 Bg5 26.Rc2 a6 27.Nh3 b5 28.a4 bxa4 29.bxa4 Rb8
30.Nxg5 hxg5 31.Qd2 Qe5 32.Qa5 Qd6 33.Qd2 g4 34.Qf4 Ne5 35.Qe3 Rfc8 36.Rdc1 c4
37.Bf1 Rb4 38.a5 Rc5 39.Qf4 f6 40.Be2 Qd7 41.Qd2 Qb7 42.Qd4 Rc8 43.d6 Kh7
44.d7 Rd8 45.Bxc4 Rxd7  0-1

[Event "17th Open"]
[Site "Geneva SUI"]
[Date "2001.01.23"]
[Round "4"]
[White "Nieminen,K"]
[Black "Bieri,C"]
[Result "1-0"]
[WhiteElo "2226"]
[BlackElo "2127"]

1.c4 e5 2.g3 Nf6 3.Bg2 Nc6 4.Nc3 Bc5 5.Nf3 d6 6.O-O O-O 7.Na4 Bb6 8.d3 h6
9.a3 Bg4 10.h3 Bh5 11.e3 e4 12.dxe4 Nxe4 13.Qc2 Nc5 14.Nxc5 Bxc5 15.b4 Bb6
16.Bb2 f5 17.Rfd1 Qe7 18.Rd2 a5 19.Qc3 axb4 20.axb4 Rxa1+ 21.Bxa1 Ra8 22.Bb2 Bg6
23.Rd1 Bh5 24.Rd2 Bg6 25.Kh2 Ra4 26.Nh4 Kh7 27.Rd5 Nxb4 28.Rb5 Nc6 29.Nxf5 Qf7
30.Bd5 Qf6 31.Qb3  1-0

[Event "17th Open"]
[Site "Geneva SUI"]
[Date "2001.01.24"]
[Round "5"]
[White "Nieminen,K"]
[Black "Perruchoud,B"]
[Result "1/2-1/2"]
[WhiteElo "2226"]
[BlackElo "2243"]

1.c4 e5 2.g3 Nf6 3.Bg2 d5 4.cxd5 Nxd5 5.Nf3 Nc6 6.O-O Be6 7.d3 Be7 8.Nc3 O-O
9.Bd2 Kh8 10.Nxd5 Bxd5 11.Bc3 f5 12.Qa4 Bf6  1/2-1/2

[Event "17th Open"]
[Site "Geneva SUI"]
[Date "2001.01.24"]
[Round "5"]
[White "Gurevich,D"]
[Black "Delanoy,A"]
[Result "1-0"]
[WhiteElo "2543"]
[BlackElo "2184"]

1.c4 e5 2.g3 Nf6 3.Bg2 d5 4.cxd5 Nxd5 5.Nf3 Nc6 6.O-O Be7 7.d4 e4 8.Ne5 f5
9.Nxc6 bxc6 10.Qa4 O-O 11.Qxc6 Rb8 12.Nc3 Nb4 13.Qc4+ Kh8 14.Bf4 Bd6 15.Bxd6 cxd6
16.a3 d5 17.Qc5 Na6 18.Qxd5 Qxd5 19.Nxd5 Rd8 20.Nc3 Rxb2 21.e3 h6 22.Rab1 Rxb1
23.Rxb1 Be6 24.Bf1 Rc8 25.Nxe4 fxe4 26.Bxa6 Rc3 27.Bb7 Bf5 28.g4 Bxg4 29.Bxe4 Kg8
30.Rb3 Rc1+ 31.Kg2 a6 32.h3 Be2 33.Bd3 Bxd3 34.Rxd3 a5 35.Rb3 Ra1 36.d5 Kf8
37.e4 a4 38.Rc3 Ke7 39.e5 Re1  1-0

[Event "ch-POL Girls U16"]
[Site "Zakopane POL"]
[Date "2001.01.25"]
[Round "10"]
[White "Maszota,N"]
[Black "Worek,J"]
[Result "1/2-1/2"]
[WhiteElo "2033"]
[BlackElo "2132"]

1.c4 e5 2.g3 Nf6 3.Nc3 d5 4.cxd5 Nxd5 5.Bg2 Nb6 6.d3 Be7 7.f4 exf4 8.Bxf4 O-O
9.Nf3 c5 10.O-O Nc6 11.Rc1 Be6 12.Ne4 c4 13.d4 Nd5 14.Neg5 Nxf4 15.gxf4 Bxg5
16.fxg5 Bd5 17.Qd2 Bxf3 18.exf3 Nxd4 19.Rfd1 Nc6 20.Rxc4 Qb6+ 21.Qf2  1/2-1/2

[Event "17th Open"]
[Site "Geneva SUI"]
[Date "2001.01.27"]
[Round "8"]
[White "Hentunen,A"]
[Black "Gurevich,D"]
[Result "0-1"]
[WhiteElo "2346"]
[BlackElo "2543"]

1.c4 e5 2.g3 Nf6 3.Bg2 d5 4.cxd5 Nxd5 5.Nc3 Nb6 6.d3 Be7 7.Nf3 Nc6 8.a3 O-O
9.O-O Be6 10.b4 f6 11.Bb2 Re8 12.Rc1 Qd7 13.Ne4 a5 14.Nc5 Bxc5 15.bxc5 Nd5
16.Qa4 Kh8 17.Rfd1 Bh3 18.Bxh3 Qxh3 19.Ba1 Nde7 20.Rb1 Rab8 21.Rb3 Red8 22.Rdb1 Qc8
23.Rb5 h6 24.Bc3 Nd5 25.Be1 f5 26.Qc4 Nf6 27.Bxa5 e4 28.Ne1 Nd4 29.R5b2 f4
30.Kg2 Rd5 31.dxe4 Rh5 32.Nf3 Qh3+ 33.Kg1 Ng4 34.Qxd4 Nxh2 35.Nh4 Rxh4 36.gxh4 f3  0-1

[Event "Trudova Ukraina"]
[Site "Kyiv UKR"]
[Date "2001.01.28"]
[Round "10"]
[White "Sergeev,Vl"]
[Black "Eschenko,V"]
[Result "1/2-1/2"]
[WhiteElo "2485"]
[BlackElo "2443"]

1.c4 e5 2.g3 Nf6 3.Bg2 Nc6 4.Nf3 h6 5.O-O d6 6.Nc3 g5 7.e3 Bg7 8.d4 O-O 9.d5 Ne7
10.e4 Nd7 11.h4 f6 12.Be3 f5 13.exf5 Nxf5 14.hxg5 Nxe3 15.fxe3 hxg5 16.Ne4 Bh6
17.Nfxg5 Rxf1+ 18.Bxf1 Bxg5 19.Qg4 Nc5 20.Qxg5+ Qxg5 21.Nxg5 a5 22.Bg2 Bf5
23.Rf1 Rf8 24.b3 Bg6 25.Rd1 Bf5 26.Rf1 Kg7 27.Rf2 Bg6 28.Rd2 Bf5 29.Rf2 Bg6
30.Rd2 Bf5 31.Rf2  1/2-1/2

[Event "TCh-FRA"]
[Site "Monaco FRA"]
[Date "2001.02.02"]
[Round "1"]
[White "Rotstein,A"]
[Black "Guidarelli,L"]
[Result "0-1"]
[WhiteElo "2497"]
[BlackElo "2297"]

1.c4 e5 2.g3 Nc6 3.Bg2 g6 4.Nc3 Bg7 5.d3 d6 6.Rb1 a5 7.a3 f5 8.e3 Nf6 9.Nge2 O-O
10.O-O Ne7 11.b4 axb4 12.axb4 c6 13.b5 Be6 14.Qb3 Qd7 15.bxc6 bxc6 16.Ba3 g5
17.d4 Ng6 18.d5 cxd5 19.cxd5 Bf7 20.Nb5 Rfb8 21.Nec3 Bf8 22.Rfc1 e4 23.Qd1 Ne5
24.Rb3 Bh5 25.Qd4 Bf3 26.Rcb1 Rc8 27.Na4 Nfg4 28.Nb6 Qf7 29.h3 Bxg2 30.Kxg2 Nxf2
31.Bxd6 Qh5 32.Nxc8 Qf3+ 33.Kh2 Ra2 34.R3b2 Rxb2 35.Qxb2 f4 36.exf4 gxf4
37.Rg1 Nfg4+ 38.hxg4 Bxd6 39.Ne7+ Bxe7 40.Qc1 Nxg4+ 41.Kh3 Nf2+ 42.Kh2 Qh5+
43.Kg2 f3+ 44.Kxf2 Qh2+ 45.Ke3 Bg5+ 46.Kxe4 Qe2+ 47.Kf5 Bxc1 48.Rxc1 Qxb5  0-1

[Event "Elbow Beach Club Open"]
[Site "Paget Parish BER"]
[Date "2001.02.04"]
[Round "4"]
[White "Salman,J"]
[Black "Faulks,N"]
[Result "0-1"]
[WhiteElo "2256"]
[BlackElo "2036"]

1.c4 e5 2.g3 Nf6 3.Bg2 d5 4.cxd5 Nxd5 5.Nc3 Nb6 6.Nf3 Nc6 7.O-O Be7 8.d3 O-O
9.Be3 f5 10.Rc1 Be6 11.a3 a5 12.Na4 Nxa4 13.Qxa4 Bf6 14.Qb5 Rb8 15.Rc2 Rf7
16.Rfc1 h6 17.Bd2 e4 18.dxe4 fxe4 19.Ne1 Nd4 20.Qxa5 Nxe2+ 21.Kh1 Nxc1 22.Bxc1 Bd5
23.Bd2 c6  0-1